header

Colonialism in question (Record no. 74208)

MARC details
000 -LEADER
fixed length control field 01713nam a22003494a 4500
082 04 - DEWEY DECIMAL CLASSIFICATION NUMBER
Classification number 325.6
100 1# - MAIN ENTRY--AUTHOR NAME
Personal name Cooper, Frederick,
245 10 - TITLE STATEMENT
Title Colonialism in question
260 ## - PUBLICATION, DISTRIBUTION, ETC. (IMPRINT)
Place of publication Berkeley :
Name of publisher University of California Press,
Year of publication c2005.
300 ## - PHYSICAL DESCRIPTION
Number of Pages xii, 327 p. :
Other physical details 1 map.
505 0# - FORMATTED CONTENTS NOTE
Formatted contents note Introduction : colonial questions, historical trajectories -- The rise, fall, and rise of colonial studies, 1951/2001 -- Identity / with Rogers Brubaker -- Globalization -- Modernity -- States, empires, and political imagination -- Labor, politics, and the end of empire in French Africa -- Colonialism, history, politics.
650 #0 - SUBJECT ADDED ENTRY--TOPICAL TERM
Topical Term Decolonization
Topical Term Imperialism
Topical Term Decolonization
856 40 - ELECTRONIC LOCATION AND ACCESS
Uniform Resource Identifier http://site.ebrary.com/lib/rucke/Doc?id=10079962

No items available.

© 2026 Rongo University
Contact us: librarian | system librarian | Rongo university